Southville International School and Colleges
Your cart is empty.
  • Cart
  • Lists
    Public lists Eva Luna New books Lux_list list_1
    Your lists Log in to create your own lists
  • Log in to your account
  • Your cookies
  • Search history
Southville International School and Colleges
  • Advanced search
  • Recent comments
  • Most popular
  • Libraries

Log in to your account

Log in with GOOGLE


If you do not have an external account, but do have a local account, you can still log in:

  1. Home
  2. MARC view: Radiography essentials for limited scope /
Normal view MARC view ISBD view

Radiography essentials for limited scope / (Record no. 368600)

[ view plain ]
MARC details
000 -LEADER
fixed length control field 00818nam a22002417a 4500
003 - CONTROL NUMBER IDENTIFIER
control field 0
005 - DATE AND TIME OF LATEST TRANSACTION
control field 20251111165537.0
008 - FIXED-LENGTH DATA ELEMENTS--GENERAL INFORMATION
fixed length control field 251111b xxu||||| |||| 00| 0 eng d
020 ## - INTERNATIONAL STANDARD BOOK NUMBER
International Standard Book Number 978-0-443-10615-6
050 ## - LIBRARY OF CONGRESS CALL NUMBER
Classification number RC 78
Item number .F73 2026
100 ## - MAIN ENTRY--PERSONAL NAME
Personal name Frank, Eugene D.,
Relator term author.
245 ## - TITLE STATEMENT
Title Radiography essentials for limited scope /
Statement of responsibility, etc Eugene D. Frank and Ruth Ann Ehrlich.
250 ## - EDITION STATEMENT
Edition statement Seventh edition.
260 ## - PUBLICATION, DISTRIBUTION, ETC. (IMPRINT)
Place of publication, distribution, etc St. Louis, Missouri :
Name of publisher, distributor, etc Elsevier,
Date of publication, distribution, etc 2026.
300 ## - PHYSICAL DESCRIPTION
Extent xi, 588 pages :
Other physical details illustrations ;
Dimensions 28 cm.
504 ## - BIBLIOGRAPHY, ETC. NOTE
Bibliography, etc Includes bibliographical references and index.
650 ## - SUBJECT ADDED ENTRY--TOPICAL TERM
Topical term or geographic name as entry element Radiography
General subdivision Methods.
650 ## - SUBJECT ADDED ENTRY--TOPICAL TERM
Topical term or geographic name as entry element Limited‐scope radiographic practice.
650 ## - SUBJECT ADDED ENTRY--TOPICAL TERM
Topical term or geographic name as entry element X‑Ray apparatus and equipment.
650 ## - SUBJECT ADDED ENTRY--TOPICAL TERM
Topical term or geographic name as entry element Radiographic anatomy.
700 ## - ADDED ENTRY--PERSONAL NAME
Personal name Ehrlich, Ruth Ann,
Relator term author.
942 ## - ADDED ENTRY ELEMENTS (KOHA)
Source of classification or shelving scheme Library of Congress Classification
Koha item type Books
Holdings
Withdrawn status Lost status Source of classification or shelving scheme Damaged status Home library Current library Shelving location Date acquired Source of acquisition Total Checkouts Full call number Barcode Date last seen Price effective from Koha item type Sub Shelving location
    Library of Congress Classification   South SEED-LPDH College Library South SEED-LPDH College Library South SEED-LPDH College Section 11/11/2025 Library Fund   RC 78 .F73 2026 SSLC1940 11/11/2025 11/11/2025 Books  
    Library of Congress Classification   South SEED-LPDH College Library South SEED-LPDH College Library South SEED-LPDH College Section 11/15/2025 Library Fund   RC 78 .F73 2026 SSLC1933 01/23/2026 01/23/2026 Books  
    Library of Congress Classification   South SEED-LPDH College Library South SEED-LPDH College Library South SEED-LPDH College Section 11/15/2025 Library Fund   RC 78 .F73 2026 SSLC1934 01/23/2026 01/23/2026 Books  

Radiography essentials for limited scope /

APA

Frank E. D., Ehrlich R. A., . (2026). Radiography essentials for limited scope. St. Louis, Missouri: Elsevier.

Chicago

Frank Eugene D, Ehrlich Ruth Ann, . 2026. Radiography essentials for limited scope. St. Louis, Missouri: Elsevier.

Harvard

Frank E. D., Ehrlich R. A., . (2026). Radiography essentials for limited scope. St. Louis, Missouri: Elsevier.

MLA

Frank Eugene D, Ehrlich Ruth Ann, . Radiography essentials for limited scope. St. Louis, Missouri: Elsevier. 2026.

  • Place hold
  • Print
  • Cite
  • Add to your cart (remove)
  • Save record
    BIBTEX Dublin Core MARCXML MARC (non-Unicode/MARC-8) MARC (Unicode/UTF-8) MARC (Unicode/UTF-8, Standard) MODS (XML) RIS
  • More searches
    Search for this title in:
    Other Libraries (WorldCat) Other Databases (Google Scholar) Online Stores (Bookfinder.com) Open Library (openlibrary.org)

Exporting to Dublin Core...

SOUTHVILLE LIBRARY

Southville International School and Colleges Library

1281 Tropical Ave. Cor. Luxembourg St., BF Homes International, Las Pinas City

Tel. No. 8256374 / 252358 Loc. 117/146

Powered by Koha